Library Banner

احمدی دوستو تمہیں اسلام بلاتا ہے (Record no. 71053)

MARC details
000 -LEADER
fixed length control field 00455nam a22001457a 4500
005 - DATE AND TIME OF LATEST TRANSACTION
control field 20150512152910.0
008 - FIXED-LENGTH DATA ELEMENTS--GENERAL INFORMATION
fixed length control field 150512b xxu||||| |||| 00| 0 eng d
040 ## - CATALOGING SOURCE
Transcribing agency PK-LaUMT
082 ## - DEWEY DECIMAL CLASSIFICATION NUMBER
Classification number KHC 297.86
Item number MUT-A
100 ## - MAIN ENTRY--PERSONAL NAME
Personal name متین خالد ،محمد
245 ## - TITLE STATEMENT
Title احمدی دوستو تمہیں اسلام بلاتا ہے
Statement of responsibility, etc محمد متین خالد
260 ## - PUBLICATION, DISTRIBUTION, ETC. (IMPRINT)
Place of publication, distribution, etc لاہور
Name of publisher, distributor, etc علم و عرفان پبلشرز
Date of publication, distribution, etc 2008
300 ## - PHYSICAL DESCRIPTION
Extent 381 ص
942 ## - ADDED ENTRY ELEMENTS (KOHA)
Koha item type Books
Holdings
Withdrawn status Lost status Damaged status Home library Current library Date acquired Full call number Barcode Date last seen Price effective from Koha item type
      UMT Main Campus UMT Main Campus 2015-05-12 KHC 297.86 MUT-A 72554 2015-05-12 2015-05-12 Books